书目信息 |
| 题名: |
软件人员水平考试题例和选解
|
|
| 作者: | 杨德元 主编 | |
| 分册: | ||
| 出版信息: | 北京 清华大学出版社 1991 |
|
| 页数: | 352页 | |
| 开本: | 26cm | |
| 丛书名: | 全国计算机应用软件人员水平考试辅导丛书 | |
| 单 册: | ||
| 中图分类: | TP31 | |
| 科图分类: | 73.87221 | |
| 主题词: | 程序系统--试题 | |
| 电子资源: | ||
| ISBN: | 7-302-00889-2 | |
| 000 | 01047nam2 2200301 45 | |
| 001 | 0189022612 | |
| 005 | 20070712153714.81 | |
| 010 | @a7-302-00889-2@dCNY8.60 | |
| 020 | @aCN@b89022612 | |
| 100 | @a19910905d1991 z y0chiy0120 ea | |
| 101 | 0 | @achi |
| 102 | @aCN@b110000 | |
| 105 | @ay q 000yy | |
| 200 | 10 | @a软件人员水平考试题例和选解@Aruan jian ren yuan shui ping kao shi ti li he xuan jie@f杨德元主编@Fyang de yuan zhu bian |
| 205 | @a2版 | |
| 210 | @a北京@c清华大学出版社@d1991 | |
| 215 | @a352页@d26cm | |
| 225 | 2 | @a全国计算机应用软件人员水平考试辅导丛书 |
| 300 | @a程序员级、高级程序员级用 | |
| 330 | @a本书参照水平考试大纲的要求,参照国内外近几年的实际试题,根据作者的教学经验,选编了150道题例,并有答案和分析。 | |
| 410 | 0 | @120010@a全国计算机应用软件人员水平考试辅导丛书 |
| 540 | 1 | @a软件 人员 考试@Aruan jian ren yuan kao shi |
| 606 | @a程序系统@x试题 | |
| 690 | @aTP31@v1980 | |
| 692 | @a73.87221@v1974 | |
| 701 | 0 | @a杨德元@Ayang de yuan@4主编 |
| 801 | 0 | @aCN@bTSSF@c20070712 |
| 905 | @a10447@dTP31@e413=2 | |
| 软件人员水平考试题例和选解/杨德元主编.-2版.-北京:清华大学出版社,1991 |
| 352页;26cm.-(全国计算机应用软件人员水平考试辅导丛书) |
| 程序员级、高级程序员级用 |
| ISBN 7-302-00889-2:CNY8.60 |
| 本书参照水平考试大纲的要求,参照国内外近几年的实际试题,根据作者的教学经验,选编了150道题例,并有答案和分析。 |
| ● |
| 相关链接 |
|
|
|
|
正题名:软件人员水平考试题例和选解
索取号:TP31/413=2
 
预约/预借
| 序号 | 登录号 | 条形码 | 馆藏地/架位号 | 状态 | 备注 |
| 1 | 0764936 | 207649366 | 第二样本阅览室/ [索取号:TP31/413=2] | 在馆 |